LOS NOMBRES DEL IMPERIO/

Gespeichert in:
Bibliographische Detailangaben
1. Verfasser: Marcos, Patricio (autor)
Format: Buch
Schlagworte:
Tags: Tag hinzufügen
Keine Tags, Fügen Sie das erste Tag hinzu!

MARC

LEADER 00000nam^a2200000^a^4500
001 000223342
005 20250521000000.0
009 20260310104013.773
020 |a 968-39-0358-4 
035 |a 042109 
037 |a Acervo Xavier Clavigero 
082 |a 320. 973  |b MAR 
100 |a Marcos, Patricio  |e (autor) 
245 1 4 |a LOS NOMBRES DEL IMPERIO/  |c PATRICIO MARCOS 
264 |a México :  |b Nueva Imagen,  |c 1991 
300 |a 386p. 
336 |a texto  |b txt  |2 rdacontenido 
337 |a sin mediación  |b n  |2 rdamedio 
338 |a volumen  |b nc  |2 rdasoporte 
649 |a XX 
650 |a EUA -  |x Condiciones Políticas 
650 |a Política -  |z EUA 
910 |a Fondo General 
920 |a Impresos - Libros 
930 |a Colección General 
905 |a 101 
901 |a 042109  |b IT1  |c ACC  |i 042109  |u 20250521 
902 |a https://opac.biblio.iteso.mx/vufind/Record/000223342